Statistics for Guess the countries + territories that start with E

Click here to take the quiz!

General Stats

  • This quiz has been taken 32 times
  • The average score is 9 of 9

Answer Stats

Answer% Correct
Ecuador
100%
Egypt
100%
Estonia
100%
Eswatini
100%
East Timor
96%
El Salvador
96%
Ethiopia
96%
Equatorial Guinea
89%
Eritrea
89%

Score Distribution

Percentile by Number Answered

Percent of People with Each Score

Your Score History

You have not taken this quiz